000 00669nas a2200217 4500
001 BR6200313
003 BR-BrBNA
005 20231205082147.0
007 ta
008 230509b bl.|||p| |||| 00| 00por d
040 _aBR-BrBNA
_bpor
_cBiblioteca Nacional de Agricultura
041 _a(Pt)
072 _aF25
100 1 _aTorres, C.B.
245 1 _aEstudo sobre a pratica da calagem
650 _aFERTILIDADE DO SOLO
650 _aCALAGEM
773 0 _tRevista da Faculdade de Agronomia e Veterinaria da Universidade do Rio Grande do Sul (Brazil)
_x
_g(Jul 1962), v. 5(2) p. 101-116
_wBR6200313
909 _a202311
_bLúcia
_c55
_dLúcia Elande
942 _2AGRIS
_n0
_cANA
999 _c89615
_d89615